000 00307 a2200109 4500
001 ART_7181
005 20260410161700.0
008 260409a
245 1 0 _aFluctuaciones periféricas
100 1 _aHeymann, Daniel
773 0 _tEnsayos Económicos
_g- Nº 57/58 (ene./jun. 2010)
_wREV620
999 _c15065
_d15065